000 00582nam a2200193 a 4500
001 000033334
003 OSt
005 20240412074257.0
008 110824s1944 dr 000 0 spa d
040 _aDO-SdBNP
_bspa
_cBNPHU
082 _aRD861.4
_bC422g
100 1 _aCestero Burgos, Tulio A.
_d1902-1959
_q(Tulio Arístides Cestero Bugos)
_958925
245 1 0 _aGilma. /
_cTulio A. Cestero Burgos.
260 _aColombia :
_bEdiciones "Proa",
_c1944.
300 _a47 p. ;
_c24 cm.
650 4 _aPoesía dominicana
_977009
650 0 _aLiteratura dominicana.
_967
942 _2ddc
_cLF1
999 _c32825
_d32825